000 00701nas a2200229 4500
001 BR9804936
003 BR-BrBNA
005 20231205101135.0
007 ta
008 230509b bl.|||p| |||| 00| 00por d
040 _aBR-BrBNA
_bpor
_cBiblioteca Nacional de Agricultura
041 _a(En)
072 _aC10
100 1 _aVelho, L.
100 1 _aVelho, P.
245 1 _aThe emergence and institutionalization of agricultural science
650 _aEducacao Agricola
650 _aPolitica Educacional
773 0 _tCadernos de Ciencia e Tecnologia (Brazil)
_xISSN 0104-1096
_g(May-Aug 1997), v. 14(2) p. 205-223
_wBR9804936
909 _a202311
_bLúcia
_c55
_dLúcia Elande
942 _2AGRIS
_n0
_cANA
999 _c159993
_d159993